Situación actual y perspectivas de la literatura en lenguas indígenas / (Record no. 87865)

MARC details
000 -CABECERA
campo de control de longitud fija 00625nam a2200205 a 4500
005 - FECHA Y HORA DE LA ÚLTIMA TRANSACCIÓN
campo de control 20250307063812.0
008 - ELEMENTOS DE LONGITUD FIJA--INFORMACIÓN GENERAL
campo de control de longitud fija 011116s1991 mx r 000 0 spa d
020 ## - NÚMERO INTERNACIONAL NORMALIZADO PARA LIBROS
Número Internacional Estándar del Libro 9682955912
035 ## - NÚMERO DE CONTROL DEL SISTEMA
Número de control de sistema UPN01000113957
049 ## - COLECCIÓN
Colección CG
050 #4 - SIGNATURA TOPOGRÁFICA DE LA BIBLIOTECA DEL CONGRESO
Número de clasificación PM181
Número de documento/Ítem S5.7
245 00 - MENCIÓN DE TÍTULO
Título Situación actual y perspectivas de la literatura en lenguas indígenas /
Mención de responsabilidad, etc. coord. Carlos Montemayor.
260 ## - PUBLICACIÓN, DISTRIBUCIÓN, ETC.
Lugar de publicación, distribución, etc. México :
Nombre del editor, distribuidor, etc. CNCA,
Fecha de publicación, distribución, etc. 1991.
300 ## - DESCRIPCIÓN FÍSICA
Extensión 196 p.
440 #0 - MENCIÓN DE SERIE/ASIENTO SECUNDARIO--TÍTULO
Título Pensar la cultura
650 #4 - ASIENTO SECUNDARIO DE MATERIA - TERMINO TEMATICO
Término de materia o nombre geográfico como elemento de entrada INDIOS -
Subdivisión general LITERATURA
9 (RLIN) 26719
650 #4 - ASIENTO SECUNDARIO DE MATERIA - TERMINO TEMATICO
Término de materia o nombre geográfico como elemento de entrada Lenguaje y lenguas
9 (RLIN) 3837
700 1# - ASIENTO SECUNDARIO--NOMBRE DE PERSONAL
Nombre de persona Montemayor, Carlos,
Fechas asociadas al nombre 1947-2010
Término indicativo de función/relación coord.
9 (RLIN) 29366
905 ## - TIPO DE MATERIAL
Tipo de material Libro
Holdings
Estado de retiro Estado de pérdida Fuente del sistema de clasificación o colocación Estado dañado No para préstamo Código de colección Localización permanente Ubicación/localización actual Ubicación en estantería Total de préstamos Clasificación Código de barras Fecha visto por última vez Número de copia Tipo de ítem Koha
    Library of Congress Classification     Colección General Bib. Gregorio Torres Quintero Bib. Gregorio Torres Quintero Planta baja 16 PM181 S5.7 175329 31/12/2020 1 Libro